000 01032nam2a2200217 4500
001 rc\2993428
005 20260315063247.0
035 _a(NLR Aleph) 007137303
090 _a13613878
_c13613878
100 _a20080306d1935 u y0rusy50 ca
101 0 _arus
105 _aac z |||||
200 1 _aГлавная турбина
210 _d1935
215 _aОбл., 64 с.
_cпортр., черт.
461 0 _1001rc\2993427
_12001#$aРуководство по обслуживанию Брюннских турбин 16000 квт.$eЧ. I-$fинж. К.Ф. Грингоф$gШатурск. ГЭС им. В.И. Ленина$vЧ. 1
_1700#1$aГрингоф$bК.Ф.$gКонстантин Фаддеевич
_97019810
_aГрингоф, К.Ф.
_cМосква
_d1935
_fинж. К.Ф. Грингоф
_nБ. и.
_oЧ. I-
_tРуководство по обслуживанию Брюннских турбин 16000 квт.
_vЧ. 1
801 0 _aRU
_bNLR
_gpsbo
801 1 _aRU
_bELAR
_2rusmarc
852 _aNLR
_j35-18/57(1)
942 _cUNSPEC
980 _aNB